Chaucer's Canterbury tales
Guardat en:
| Autor principal: | |
|---|---|
| Format: | Llibre |
| Idioma: | anglès |
| Publicat: |
Londres
J.M.Dent
1894
|
| Matèries: | |
| Etiquetes: |
Afegir etiqueta
Sense etiquetes, Sigues el primer a etiquetar aquest registre!
|
MARC
| LEADER | 00000nam a2200000 a 4500 | ||
|---|---|---|---|
| 001 | UCZ2433 | ||
| 003 | CL-VaPUC | ||
| 008 | 951005e18940000UK |||||||||||||||||eng|d | ||
| 082 | 0 | 4 | |a 821 |b SAU |2 21 |
| 100 | 0 | |a Saunders, John |e author |9 346195 | |
| 245 | 1 | 0 | |a Chaucer's Canterbury tales |
| 300 | |a 487 p | ||
| 942 | |c BK | ||
| 945 | |d 19951005 00:00:00 |a rbrito | ||
| 260 | |a Londres |b J.M.Dent |c 1894 | ||
| 650 | 0 | |a Poesías inglesas |9 265094 | |
| 583 | |a last modification |c 19951005 00:00:00 |k Rodrigo Vera | ||
| 999 | |c 239033 |d 239031 | ||
| 952 | |0 0 |1 0 |4 0 |6 821_000000000000000_SAU_1894 |7 0 |8 P |9 249814 |a BIBEDU |b BIBEDU |c BIBEDU_PB |d 2019-11-18 |i 3137767 |o 821 SAU 1894 |p 3137767 |r 2024-01-25 |w 2019-11-18 |y BK |k LIT | ||